Thực nghiệm nuôi cá Nâu (Scatopphagus agrus Linnaeus, 1766) trong bể ở các độ mặn khác nhau

Nghiên cứu này nhằm đánh giá ảnh hưởng của các độ mặn khác nhau lên sự phát triển và tỷ lệ sống của cá nâu làm cơ sở phát triển nghề nuôi cá ở vùng ven biển Đồng bằng sông Cửu Long, từ đó thúc đẩy nghề nuôi cá nâu phát triển đồ...

Ausführliche Beschreibung

Gespeichert in:
Bibliographische Detailangaben
1. Verfasser: Lý, Văn Khánh
Format: Buch
Sprache:Undetermined
Veröffentlicht: Cần Thơ Trường Đại học Cần Thơ 2009
Schlagworte:
Tags: Tag hinzufügen
Keine Tags, Fügen Sie den ersten Tag hinzu!
Thư viện lưu trữ: Trung tâm Học liệu Trường Đại học Cần Thơ
LEADER 01390nam a2200217Ia 4500
001 CTU_165190
008 210402s9999 xx 000 0 und d
082 |a 639.32 
082 |b Kh107 
088 |a TNCS2009-06 
100 |a Lý, Văn Khánh 
245 0 |a Thực nghiệm nuôi cá Nâu (Scatopphagus agrus Linnaeus, 1766) trong bể ở các độ mặn khác nhau 
245 0 |c Chủ nhiệm Lý Văn Khánh ; Cán bộ phối hợp Nguyễn Thanh Phương, Trần Ngọc Hải, Đỗ Thị Thanh Hương, Cao Mỹ Án 
260 |a Cần Thơ 
260 |b Trường Đại học Cần Thơ 
260 |c 2009 
520 |a Nghiên cứu này nhằm đánh giá ảnh hưởng của các độ mặn khác nhau lên sự phát triển và tỷ lệ sống của cá nâu làm cơ sở phát triển nghề nuôi cá ở vùng ven biển Đồng bằng sông Cửu Long, từ đó thúc đẩy nghề nuôi cá nâu phát triển đồng thời góp phần đa dạng hoá đối tượng nuôi trong nghề nuôi cá lợ mặn. 
650 |a Nghề nuôi trồng thuỷ sản,Aquaculture,Nuôi cá,Fish culture 
904 |i Bích Lam, Trọng Hiếu 
915 |a TS 
980 |a Trung tâm Học liệu Trường Đại học Cần Thơ